Responses for Show #4189 - Thursday, November 14, 2002

2002 College Championship quarterfinal game 4.
From the Schottenstein Center at the Ohio State University in Columbus.

Contestants

[<< previous game]

Corrie Loeffler, a junior at Azusa Pacific University from Los Banos, California

Mark Kehres, a freshman at the Ohio State University from Livonia, Michigan

Arianna Haut, a junior at Washington University at St. Louis from Topanga, California

[next game >>]

Jeopardy! Round responses

SPACED OUT
ASIAN AMERICANS
HARVARD DEGREE HONOREES
21st CENTURY MUSIC
THE FIFTH
FAMILIAR PHRASES IN OTHER WORDS
    $200 13
Mars

Mark
    $200 26
Michelle Kwan

Arianna
    $200 11
Colin Powell

Mark
    $200 6
Kelly Clarkson

Arianna
    $200 1
wood

Arianna
    $200 15
bury the hatchet

Corrie
    $400 14
a star

Corrie
    $400 27
Benihana

Mark
    $400 12
Samuel Adams

Corrie
    $400 7
The Beatles

Corrie
    $400 2
Brazil

Corrie
    $400 16
a leopard can't change his spots

Corrie
    $600 20
Sea of Tranquility

Mark
    $600 28
Amy Tan

Arianna
    $1,400 23
Tennessee Williams

Mark
    $600 8
Celine Dion

Corrie
    $600 3
James Monroe

Mark
    $600 17
(Mark: What is [**]?)

to turn over in one's grave (to roll over in one's own grave)

Mark
    $800 21
solar winds

Mark
    $800 29
Daniel Inouye

Mark
    $800 24
Stephen Hawking

Arianna
    $800 9
Red Hot Chili Peppers

Mark
    $800 4
epsilon

Mark
    $800 18
(Mark: What is [**]?)
(Alex: Yeah--[*], [**]--good.)

tighten your belt (tighten the belt)

Mark
    $1000 22
(Mark: What is the Vehicular Assembly Building?)
...
(Alex: Added a couple of syllables too many, there.)

the Vehicle Assembly Building

Mark
Triple Stumper
    $1000 30
Seiji Ozawa

Triple Stumper
    $1000 25
(Alex: [After Mark selects the next clue] Minute to go.)

the Shah of Iran

Mark
    $1000 10
"Fallin'"

Mark
    $1000 5
Nero

Arianna
    $1000 19
don't count your chickens before they're hatched

Mark

Scores at the first commercial break (after clue 16):

Arianna Mark Corrie
$1,400 $3,600 $2,800

Scores at the end of the Jeopardy! Round:

Arianna Mark Corrie
$3,000 $10,000 $2,800

Double Jeopardy! Round responses

GROVER CLEVELAND
ARE YOU EATING RIGHT?
STAR WARS CHARACTERS
THE TOWER OF LONDON
YOU KNOW MORE THAN YOU THINK
IT'S ALL GREEK TO ME
    $400 26
Jumbo

Arianna
    $400 8
waffle cone

Corrie
    $400 16
Princess Leia

Corrie
    $400 21
William the Conqueror

Mark
    $400 1
sound

Corrie
    $400 6
sophomore

Corrie
    $800 27
4

Mark
    $800 9
deep-fat frying

Arianna
    $800 17
R2-D2 & C-3PO

Arianna
    $800 22
ravens

Arianna
    $800 2
Hebrew

Mark
    $800 7
seismograph

Triple Stumper
    $1200 28
Hawaiian Islands

Arianna
    $1200 10
(Arianna: What are pot stickers?)
(Mark: What are egg rolls?)
...
(Alex: [Before Daily Double at clue 29] We have some scoring changes to announce. Our judges have just informed me that your response of "pot stickers" a little while ago is acceptable, so we're going to give you... enough money to credit you for the correct response.)
(Arianna: Thank you.)
(Alex: And Mark, we gave you an incorrect response, but if we had accepted Arianna's response when we should have, you wouldn't have lost the money, so you get the money you lost. So you're at $12,000.)
(Mark: Thank you.)
(Alex: Corrie remains unchanged.)

won tons

AriannaCorrie
    $1200 18
Chewbacca

Arianna
    $1200 23
Queen Elizabeth I

Corrie
    $1200 3
nodes

Arianna
    $1200 12
pseudo

Corrie
    $2,000 29
(Arianna: [Shakes head] What is the Spanish-American War?)

mail delivery (they used to deliver mail by rail)

Arianna
    $1600 11
popper

Corrie
    $1600 19
Jar Jar Binks

Triple Stumper
    $1600 24
Beefeaters

Corrie
    $1600 4
Victoria Falls

Triple Stumper
    $2,000 13
pyrotechnics

Corrie
    $2000 30
James Blaine

Triple Stumper
    $2000 15
Andouille

Triple Stumper
    $2000 20
Boba Fett

Corrie
    $2000 25
the Little Princes

Triple Stumper
    $2000 5
(Alex: Simple as that!)

aging

Triple Stumper
    $2000 14
Pentateuch

Corrie

Scores at the end of the Double Jeopardy! Round:

Arianna Mark Corrie
$8,600 $12,000 $17,200

Final Jeopardy! Round responses

LITERARY INSPIRATIONS
AriannaWhat is "Old Man & The Sea"?
$8,600
MarkWhat is The Old Man And The Sea
$2,500
CorrieWhat is The Quay?
$6,801
The Old Man and the Sea

Final scores:

Arianna Mark Corrie
$17,200 $14,500 $10,399
Automatic semifinalist 2nd place: $2,500 if eliminated 3rd place: $2,500 if eliminated

Game dynamics:

Coryat scores:

Arianna Mark Corrie
$10,600 $11,200 $16,800
14 R,
1 W
(including 1 DD)
18 R
(including 1 DD),
1 W
19 R
(including 1 DD),
0 W

Combined Coryat: $38,600

[game clues] [game scores] [suggest correction]

Game tape date: 2002-10-05
The J! Archive is created by fans, for fans. Scraping, republication, monetization, and malicious use prohibited; this site may use cookies and collect identifying information. See terms. The Jeopardy! game show and all elements thereof, including but not limited to copyright and trademark thereto, are the property of Jeopardy Productions, Inc. and are protected under law. This website is not affiliated with, sponsored by, or operated by Jeopardy Productions, Inc. Join the discussion at JBoard.tv.